[Event "Figueira 2023"]
[Site "?"]
[Date "2023.11.08"]
[Round "5.2"]
[White "Bernadskiy, Vitaliy"]
[Black "Janik, Igor"]
[Result "1/2-1/2"]
[BlackElo "2501"]
[WhiteElo "2546"]
[LiveChessVersion "1.4.8"]

1. e4 c6 2. d4 d5 3. e5 Bf5 4. Nf3 e6 5. Be2 Ne7 6. O-O Nd7 7. a4 c5 8. c4 cxd4
9. Nxd4 Bxb1 10. Rxb1 dxc4 11. Bxc4 Nxe5 12. Bb5+ N5c6 13. Bg5 Rc8 14. Rc1 Qd7
15. a5 a6 16. Bxe7 Bxe7 17. Nxc6 Qxd1 18. Na7+ axb5 19. Rxc8+ Qd8 20. Rxd8+ Kxd8
21. Nxb5 Kc8 22. g3 Kb8 23. Ra1 Rc8 24. a6 bxa6 25. Rxa6 Rc3 26. Kg2 Rc2 27. Nd4
Rxb2 28. Nc6+ Kb7 29. Ra7+ Kxc6 1/2-1/2

[Event "Figueira 2023"]
[Site "?"]
[Date "2023.11.08"]
[Round "5.3"]
[White "Mehar, Chinna Reddy C.H."]
[Black "Lalit, Babu M R"]
[Result "1/2-1/2"]
[BlackElo "2533"]
[WhiteElo "2366"]
[LiveChessVersion "1.4.8"]

1. d4 {[%clk 1:24:09]} Nf6 {[%clk 1:30:50]} 2. Nf3 {[%clk 1:24:32]} d5
{[%clk 1:31:14]} 3. Bf4 {[%clk 1:24:39]} c5 {[%clk 1:31:37]} 4. e3
{[%clk 1:25:03]} Nc6 {[%clk 1:32:00]} 5. Nbd2 {[%clk 1:25:26]} Bg4
{[%clk 1:32:22]} 6. h3 {[%clk 1:25:17]} Bxf3 {[%clk 1:32:36]} 7. Nxf3
{[%clk 1:25:38]} e6 {[%clk 1:33:01]} 8. Be2 {[%clk 1:25:21]} Bd6 {[%clk 1:32:37]}
9. dxc5 {[%clk 1:25:42]} Bxf4 {[%clk 1:30:42]} 10. exf4 {[%clk 1:26:01]} Qa5+
{[%clk 1:31:09]} 11. c3 {[%clk 1:26:23]} Qxc5 {[%clk 1:31:31]} 12. O-O
{[%clk 1:26:45]} O-O {[%clk 0:59:35]} 13. Bd3 {[%clk 1:24:19]} Rfd8
{[%clk 0:59:17]} 14. Re1 {[%clk 1:20:33]} b5 {[%clk 0:49:44]} 15. Qe2
{[%clk 1:13:44]} b4 {[%clk 0:42:57]} 16. Rac1 {[%clk 1:02:16]} bxc3
{[%clk 0:40:57]} 17. Rxc3 {[%clk 1:02:04]} Qd6 {[%clk 0:41:17]} 18. Ne5
{[%clk 0:58:23]} Rac8 {[%clk 0:33:21]} 1/2-1/2

[Event "Figueira 2023"]
[Site "?"]
[Date "2023.11.08"]
[Round "5.4"]
[White "Prraneeth, Vuppala"]
[Black "Barski, Radoslaw"]
[Result "1-0"]
[BlackElo "2437"]
[WhiteElo "2512"]
[LiveChessVersion "1.4.8"]

1. e4 {[%clk 1:30:57]} e6 {[%clk 1:26:51]} 2. d4 {[%clk 1:30:45]} d5
{[%clk 1:27:16]} 3. Nc3 {[%clk 1:29:58]} Nf6 {[%clk 1:27:38]} 4. e5
{[%clk 1:29:39]} Nfd7 {[%clk 1:28:01]} 5. f4 {[%clk 1:30:03]} c5 {[%clk 1:28:26]}
6. Nf3 {[%clk 1:30:27]} Nc6 {[%clk 1:28:50]} 7. Be3 {[%clk 1:30:52]} Be7
{[%clk 1:29:06]} 8. Qd2 {[%clk 1:30:35]} O-O {[%clk 1:29:20]} 9. dxc5
{[%clk 1:30:53]} Qa5 {[%clk 1:29:13]} 10. O-O-O {[%clk 1:27:36]} b6
{[%clk 1:27:59]} 11. Bb5 {[%clk 1:23:46]} Nb4 {[%clk 1:26:49]} 12. a3
{[%clk 1:13:47]} bxc5 {[%clk 1:26:57]} 13. Kb1 {[%clk 1:03:21]} Nb6
{[%clk 0:55:27]} 14. f5 {[%clk 0:58:21]} exf5 {[%clk 0:38:08]} 15. axb4
{[%clk 0:57:09]} cxb4 {[%clk 0:38:28]} 16. Nxd5 {[%clk 0:57:27]} Nxd5
{[%clk 0:38:41]} 17. Qxd5 {[%clk 0:56:53]} Be6 {[%clk 0:38:20]} 18. Qb7
{[%clk 0:54:33]} Qa2+ {[%clk 0:25:51]} 19. Kc1 {[%clk 0:54:56]} b3
{[%clk 0:22:05]} 20. Qxe7 {[%clk 0:32:24]} bxc2 {[%clk 0:22:10]} 21. Kxc2
{[%clk 0:32:45]} Bb3+ {[%clk 0:19:04]} 22. Kc3 {[%clk 0:31:01]} Rfc8+
{[%clk 0:12:01]} 23. Bc5 {[%clk 0:29:12]} Bxd1 {[%clk 0:12:25]} 24. Rxd1
{[%clk 0:27:18]} Qa5+ {[%clk 0:12:39]} 25. b4 {[%clk 0:22:59]} Qxb5
{[%clk 0:12:00]} 26. Rd7 {[%clk 0:15:21]} Rf8 {[%clk 0:12:26]} 27. e6
{[%clk 0:15:06]} a5 {[%clk 0:06:11]} 28. exf7+ {[%clk 0:14:03]} Kh8
{[%clk 0:06:40]} 29. Ne5 {[%clk 0:13:40]} axb4+ {[%clk 0:04:32]} 30. Kd4
{[%clk 0:14:02]} Qa6 {[%clk 0:04:47]} 31. Qxf8+ {[%clk 0:11:19]} Rxf8
{[%clk 0:05:15]} 32. Bxf8 {[%clk 0:11:42]} Qa1+ {[%clk 0:05:39]} 33. Kd5
{[%clk 0:10:53]} Qa2+ {[%clk 0:05:28]} 34. Kd6 {[%clk 0:09:53]} Qd2+
{[%clk 0:05:44]} 35. Ke7 {[%clk 0:09:02]} Qg5+ {[%clk 0:05:39]} 36. Ke8
{[%clk 0:09:03]} 1-0

[Event "Figueira 2023"]
[Site "?"]
[Date "2023.11.08"]
[Round "5.5"]
[White "Grigoryan, Karen H."]
[Black "Olsen, Filip Boe"]
[Result "1/2-1/2"]
[BlackElo "2416"]
[WhiteElo "2646"]
[LiveChessVersion "1.4.8"]

1. c4 e6 2. Nc3 d5 3. d4 c5 4. e3 Nf6 5. Nf3 a6 6. cxd5 exd5 7. g3 c4 8. Bg2 Bb4
9. O-O O-O 10. Ne5 Re8 11. Bd2 Nc6 12. Nxc6 bxc6 13. b3 Bg4 14. Qc2 cxb3 15. axb3
Bxc3 16. Bxc3 Qc8 17. f3 Bh3 18. Rae1 Bxg2 19. Kxg2 h5 20. Bd2 Qe6 21. Ra1 g5 22.
Rac1 Rac8 23. e4 dxe4 24. Bxg5 exf3+ 25. Rxf3 Ne4 26. Bf4 c5 27. dxc5 1/2-1/2

[Event "Figueira 2023"]
[Site "?"]
[Date "2023.11.08"]
[Round "5.6"]
[White "Albornoz Cabrera, Carlos Daniel"]
[Black "Dhulipalla, Bala Chandra Prasad"]
[Result "1-0"]
[BlackElo "2408"]
[WhiteElo "2585"]
[LiveChessVersion "1.4.8"]

1. e4 {[%clk 1:30:58]} e5 {[%clk 1:30:53]} 2. Nf3 {[%clk 1:31:23]} Nc6
{[%clk 1:31:19]} 3. Bb5 {[%clk 1:31:49]} a6 {[%clk 1:31:44]} 4. Ba4
{[%clk 1:32:15]} Bc5 {[%clk 1:31:41]} 5. O-O {[%clk 1:31:52]} Nge7
{[%clk 1:31:59]} 6. c3 {[%clk 1:31:40]} Ba7 {[%clk 1:31:44]} 7. d4
{[%clk 1:31:58]} Ng6 {[%clk 1:31:35]} 8. Bg5 {[%clk 1:31:17]} f6 {[%clk 1:31:28]}
9. Be3 {[%clk 1:31:43]} O-O {[%clk 1:31:22]} 10. Re1 {[%clk 1:31:03]} d6
{[%clk 1:31:22]} 11. Nbd2 {[%clk 1:29:55]} Kh8 {[%clk 1:28:38]} 12. h3
{[%clk 1:27:36]} Bd7 {[%clk 1:28:27]} 13. Bc2 {[%clk 1:21:53]} a5
{[%clk 1:19:29]} 14. Nf1 {[%clk 1:21:45]} b5 {[%clk 1:12:52]} 15. Ng3
{[%clk 1:21:19]} a4 {[%clk 1:10:59]} 16. b3 {[%clk 1:08:59]} Qe8 {[%clk 0:57:12]}
17. bxa4 {[%clk 1:02:57]} bxa4 {[%clk 0:57:23]} 18. Rb1 {[%clk 1:01:52]} Na5
{[%clk 0:55:41]} 19. Bd3 {[%clk 0:55:06]} Qf7 {[%clk 0:43:07]} 20. Qe2
{[%clk 0:49:10]} Rfe8 {[%clk 0:41:05]} 21. Bb5 {[%clk 0:42:51]} Bxb5
{[%clk 0:29:46]} 22. Rxb5 {[%clk 0:43:18]} Bb6 {[%clk 0:29:45]} 23. Rb4
{[%clk 0:30:57]} Nc6 {[%clk 0:21:52]} 24. Rb5 {[%clk 0:27:16]} Na5
{[%clk 0:22:16]} 25. h4 {[%clk 0:23:28]} Qc4 {[%clk 0:17:50]} 26. Qb2
{[%clk 0:19:59]} a3 {[%clk 0:15:13]} 27. Qb1 {[%clk 0:20:06]} Qf7
{[%clk 0:13:36]} 28. Nf5 {[%clk 0:17:31]} Ne7 {[%clk 0:10:27]} 29. Nxd6
{[%clk 0:16:25]} cxd6 {[%clk 0:10:52]} 30. Rxb6 {[%clk 0:16:51]} Nc4
{[%clk 0:10:48]} 31. Rb7 {[%clk 0:15:04]} Qh5 {[%clk 0:06:20]} 32. Qb5
{[%clk 0:10:59]} d5 {[%clk 0:06:02]} 33. dxe5 {[%clk 0:09:28]} fxe5
{[%clk 0:04:31]} 34. Qc5 {[%clk 0:08:12]} Ra5 {[%clk 0:02:23]} 35. Qc7
{[%clk 0:07:11]} Nxe3 {[%clk 0:01:33]} 36. Rxe3 {[%clk 0:07:18]} d4
{[%clk 0:01:49]} 37. Qxa5 {[%clk 0:05:24]} dxe3 {[%clk 0:02:12]} 38. fxe3
{[%clk 0:05:50]} Ng6 {[%clk 0:01:58]} 39. Qc7 {[%clk 0:04:59]} Qh6
{[%clk 0:01:44]} 40. Ng5 {[%clk 0:34:53]} 1-0

[Event "Figueira 2023"]
[Site "?"]
[Date "2023.11.08"]
[Round "5.7"]
[White "Arpan, Das (Jr)"]
[Black "Ghosh, Diptayan"]
[Result "1/2-1/2"]
[BlackElo "2570"]
[WhiteElo "2400"]
[LiveChessVersion "1.4.8"]

1. e4 e6 2. d4 d5 3. Nd2 c5 4. Ngf3 cxd4 5. Nxd4 Nf6 6. exd5 Nxd5 7. c3 Be7 8.
N2f3 O-O 9. Bc4 Bf6 10. O-O Nc6 11. Nb3 Qc7 12. Qe2 Nce7 13. Bg5 b6 14. Bxf6 gxf6
15. g3 Bb7 16. Ba6 Ng6 17. Bxb7 Qxb7 18. c4 Nde7 19. h4 Nf5 20. h5 Nge7 21. Nbd2
Rad8 22. Ne4 Nc6 1/2-1/2

[Event "Figueira 2023"]
[Site "?"]
[Date "2023.11.08"]
[Round "5.8"]
[White "Das, Sayantan"]
[Black "Audi, Ameya"]
[Result "1/2-1/2"]
[BlackElo "2371"]
[WhiteElo "2500"]
[LiveChessVersion "1.4.8"]

1. c4 {[%clk 1:19:54]} g6 {[%clk 1:30:05]} 2. g3 {[%clk 1:19:13]} Bg7
{[%clk 1:30:13]} 3. Bg2 {[%clk 1:19:35]} Nf6 {[%clk 1:28:49]} 4. Nc3
{[%clk 1:19:12]} O-O {[%clk 1:28:17]} 5. d4 {[%clk 1:18:24]} d6 {[%clk 1:28:38]}
6. h3 {[%clk 1:17:27]} e5 {[%clk 1:22:40]} 7. Nf3 {[%clk 1:16:05]} Nbd7
{[%clk 1:22:58]} 8. O-O {[%clk 1:14:15]} Re8 {[%clk 1:22:42]} 9. e4
{[%clk 1:13:44]} exd4 {[%clk 1:23:06]} 10. Nxd4 {[%clk 1:14:08]} Nc5
{[%clk 1:23:31]} 11. Re1 {[%clk 1:14:14]} h6 {[%clk 1:22:50]} 12. Bf4
{[%clk 1:07:35]} Ne6 {[%clk 1:12:09]} 13. Nxe6 {[%clk 0:58:21]} Bxe6
{[%clk 1:12:36]} 14. Qd3 {[%clk 0:58:12]} Qc8 {[%clk 1:05:54]} 15. Kh2
{[%clk 0:57:49]} Nd7 {[%clk 1:06:16]} 16. b3 {[%clk 0:53:37]} a6 {[%clk 0:49:32]}
17. Rac1 {[%clk 0:52:11]} Rb8 {[%clk 0:47:34]} 18. Nd5 {[%clk 0:48:56]} Kh7
{[%clk 0:36:49]} 19. Be3 {[%clk 0:42:36]} Qd8 {[%clk 0:26:26]} 20. f4
{[%clk 0:37:09]} f5 {[%clk 0:25:39]} 21. Bd4 {[%clk 0:21:25]} Nc5
{[%clk 0:23:51]} 22. Qc3 {[%clk 0:21:09]} Bxd5 {[%clk 0:22:08]} 23. exd5
{[%clk 0:16:46]} Qd7 {[%clk 0:20:59]} 24. b4 {[%clk 0:14:28]} Na4
{[%clk 0:20:17]} 25. Qa1 {[%clk 0:14:17]} Bxd4 {[%clk 0:16:31]} 26. Qxd4
{[%clk 0:14:40]} Qg7 {[%clk 0:16:58]} 27. Qd2 {[%clk 0:13:25]} Qb2
{[%clk 0:10:14]} 28. Rc2 {[%clk 0:07:04]} Qa3 {[%clk 0:10:30]} 29. Re2
{[%clk 0:06:21]} Rxe2 {[%clk 0:04:37]} 30. Qxe2 {[%clk 0:06:49]} Rg8
{[%clk 0:05:03]} 31. Qe1 {[%clk 0:05:14]} a5 {[%clk 0:03:32]} 32. bxa5
{[%clk 0:04:15]} Nc5 {[%clk 0:03:47]} 33. Re2 {[%clk 0:03:58]} Rg7
{[%clk 0:04:13]} 34. Qd2 {[%clk 0:01:57]} h5 {[%clk 0:04:18]} 35. Qd4
{[%clk 0:01:49]} Qxa5 {[%clk 0:02:55]} 36. Qf6 {[%clk 0:01:36]} Qa8
{[%clk 0:03:10]} 37. Bf3 {[%clk 0:01:16]} Qg8 {[%clk 0:02:55]} 38. g4
{[%clk 0:01:13]} Rf7 {[%clk 0:02:11]} 39. Re7 {[%clk 0:00:53]} Rxe7
{[%clk 0:02:31]} 40. Qxe7+ {[%clk 0:31:21]} Qg7 {[%clk 0:32:37]} 41. Qxg7+
{[%clk 0:31:13]} Kxg7 {[%clk 0:33:04]} 42. gxh5 {[%clk 0:31:19]} gxh5
{[%clk 0:28:23]} 43. Bxh5 {[%clk 0:31:38]} b6 {[%clk 0:28:51]} 44. Be2
{[%clk 0:30:39]} Kg6 {[%clk 0:24:34]} 45. Kg2 {[%clk 0:30:35]} Ne4
{[%clk 0:23:39]} 46. a3 {[%clk 0:29:23]} Nf6 {[%clk 0:22:02]} 47. Kf2
{[%clk 0:26:02]} Nh5 {[%clk 0:22:09]} 48. Ke3 {[%clk 0:25:15]} Kh6
{[%clk 0:22:30]} 49. Bd1 {[%clk 0:20:48]} Kg6 {[%clk 0:22:49]} 50. Bc2
{[%clk 0:15:11]} Kf6 {[%clk 0:22:43]} 51. Ba4 {[%clk 0:14:47]} Kf7
{[%clk 0:22:54]} 52. Bd7 {[%clk 0:14:52]} Kf6 53. Kf3 {[%clk 0:13:05]} Ng7
{[%clk 0:22:34]} 54. Bc8 {[%clk 0:08:45]} Nh5 {[%clk 0:22:49]} 55. Ba6
{[%clk 0:09:09]} Kf7 {[%clk 0:22:15]} 56. Bb5 {[%clk 0:09:34]} Kf6 57. Ba4
{[%clk 0:09:48]} Ke7 {[%clk 0:21:21]} 58. Ke3 {[%clk 0:10:00]} Kf7
{[%clk 0:21:45]} 59. h4 {[%clk 0:10:16]} Kf6 60. Bc2 {[%clk 0:10:39]} Kg6
{[%clk 0:19:53]} 61. Bd3 {[%clk 0:10:46]} Kf6 62. Bb1 Kg6 {[%clk 0:19:36]} 63.
Bc2 {[%clk 0:11:32]} Kf6 {[%clk 0:19:59]} 64. a4 {[%clk 0:11:58]} Kg6 65. Bd1
{[%clk 0:11:28]} Kh6 {[%clk 0:18:41]} 66. Be2 {[%clk 0:09:38]} Kg6
{[%clk 0:19:02]} 67. Bf3 {[%clk 0:10:06]} Kh6 68. Bd1 {[%clk 0:04:34]} Kg6
{[%clk 0:19:45]} 69. Bf3 {[%clk 0:04:15]} 1/2-1/2

[Event "Figueira 2023"]
[Site "?"]
[Date "2023.11.08"]
[Round "5.9"]
[White "Lewtak, Damian"]
[Black "Solodovnichenko, Yuri"]
[Result "1/2-1/2"]
[BlackElo "2490"]
[WhiteElo "2356"]
[LiveChessVersion "1.4.8"]

1. e4 c5 2. Nf3 d6 3. d4 cxd4 4. Nxd4 Nf6 5. Nc3 a6 6. Bd3 e6 7. Qe2 b5 8. a4 b4
9. Na2 e5 10. Nf3 Nc6 11. h3 Be7 12. Bg5 O-O 13. Bxf6 Bxf6 14. Nc1 Ne7 15. a5 d5
16. Nb3 Ng6 17. g3 Qc7 18. Nfd2 Bb7 19. O-O Rfe8 20. Rfe1 Ne7 21. Ra4 dxe4 22.
Bxe4 Nd5 23. Qh5 h6 24. Qf5 Kf8 25. Qf3 Rad8 26. Nf1 Rd6 27. Raa1 Red8 28. Rad1
Bc6 29. Rd3 Ne7 30. Red1 Rxd3 31. Rxd3 Rxd3 32. Qxd3 Bb5 33. Qd2 Nc6 34. Ne3 Be7
35. Nd5 Qd6 36. Qe3 Bd8 37. Qf3 g6 38. Nb6 Ne7 39. Bd3 Bc6 40. Be4 Bb5 41. Bd3
Bxb6 42. Bxb5 axb5 43. axb6 Qxb6 44. Qe2 f6 45. Qd2 Qc6 46. Qxh6+ Kf7 47. Qd2 Nd5
48. h4 Ke6 49. Nc1 Qc4 50. Ne2 b3 51. cxb3 Qxb3 52. Nc3 Nxc3 1/2-1/2

[Event "Figueira 2023"]
[Site "?"]
[Date "2023.11.08"]
[Round "5.10"]
[White "Antolak, Julia"]
[Black "Urazayev, Arystanbek"]
[Result "1/2-1/2"]
[BlackElo "2478"]
[WhiteElo "2281"]
[LiveChessVersion "1.4.8"]

1. e4 {[%clk 1:30:56]} e5 {[%clk 1:30:35]} 2. Nf3 {[%clk 1:31:18]} Nc6
{[%clk 1:30:59]} 3. Bb5 {[%clk 1:31:43]} a6 {[%clk 1:31:23]} 4. Ba4
{[%clk 1:32:08]} Nf6 {[%clk 1:31:09]} 5. d3 {[%clk 1:32:12]} b5 {[%clk 1:23:34]}
6. Bb3 {[%clk 1:32:35]} Bc5 {[%clk 1:22:38]} 7. Nc3 {[%clk 1:32:16]} d6
{[%clk 1:22:47]} 8. Nd5 {[%clk 1:31:39]} h6 {[%clk 1:22:39]} 9. c3
{[%clk 1:31:34]} Rb8 {[%clk 1:23:01]} 10. h3 {[%clk 1:30:38]} Ba7
{[%clk 1:21:15]} 11. Be3 {[%clk 1:29:06]} Bxe3 {[%clk 1:20:51]} 12. fxe3
{[%clk 1:28:30]} Nxd5 {[%clk 1:20:42]} 13. Bxd5 {[%clk 1:28:13]} Ne7
{[%clk 1:21:00]} 14. Bb3 {[%clk 1:27:59]} Ng6 {[%clk 1:19:32]} 15. O-O
{[%clk 1:26:10]} O-O {[%clk 1:19:51]} 16. Qe1 {[%clk 1:23:39]} Qe7
{[%clk 1:19:12]} 17. Qg3 {[%clk 1:21:52]} Be6 {[%clk 1:18:04]} 18. Rf2
{[%clk 1:17:39]} Bxb3 {[%clk 1:08:23]} 19. axb3 {[%clk 1:18:04]} Qe6
{[%clk 1:08:13]} 20. b4 {[%clk 1:09:24]} Rb6 {[%clk 1:05:51]} 21. Nh2
{[%clk 1:03:56]} c5 {[%clk 1:03:24]} 22. bxc5 {[%clk 0:53:52]} dxc5
{[%clk 1:03:35]} 23. Rf5 {[%clk 0:51:50]} c4 {[%clk 0:55:47]} 24. d4
{[%clk 0:51:09]} exd4 {[%clk 0:56:12]} 25. exd4 {[%clk 0:51:33]} Qxe4
{[%clk 0:56:36]} 26. Raf1 {[%clk 0:51:23]} b4 {[%clk 0:52:11]} 27. Ng4
{[%clk 0:48:46]} bxc3 {[%clk 0:50:16]} 28. bxc3 {[%clk 0:49:05]} h5
{[%clk 0:36:16]} 29. Rxh5 {[%clk 0:44:25]} f5 {[%clk 0:36:41]} 30. Ne5
{[%clk 0:41:35]} Nxe5 {[%clk 0:34:42]} 31. dxe5 {[%clk 0:41:41]} Rb1
{[%clk 0:16:57]} 32. Rxb1 {[%clk 0:40:17]} Qxb1+ {[%clk 0:17:21]} 33. Kh2
{[%clk 0:40:40]} Qe4 {[%clk 0:17:47]} 34. Rh4 {[%clk 0:33:34]} f4
{[%clk 0:17:11]} 35. Qg5 {[%clk 0:33:47]} Qf5 {[%clk 0:14:13]} 36. Qxf5
{[%clk 0:29:20]} Rxf5 {[%clk 0:14:40]} 37. g3 {[%clk 0:29:14]} Rxe5
{[%clk 0:06:20]} 38. Rxf4 {[%clk 0:29:15]} Re2+ {[%clk 0:06:44]} 39. Kg1
{[%clk 0:29:30]} Re3 {[%clk 0:07:11]} 40. Rxc4 {[%clk 0:58:24]} Rxg3+
{[%clk 0:37:39]} 41. Kh2 {[%clk 0:58:34]} Rg6 {[%clk 0:37:53]} 42. Rc7
{[%clk 0:57:01]} a5 {[%clk 0:33:14]} 43. Ra7 {[%clk 0:57:20]} Rg5
{[%clk 0:33:39]} 44. c4 {[%clk 0:56:48]} Kf8 {[%clk 0:30:22]} 45. h4
{[%clk 0:57:01]} Rc5 {[%clk 0:30:49]} 46. Kg3 {[%clk 0:57:12]} Kg8
{[%clk 0:31:15]} 47. Kh3 {[%clk 0:57:25]} Kh7 {[%clk 0:28:59]} 48. Ra6
{[%clk 0:57:11]} g6 {[%clk 0:27:29]} 49. Ra7+ {[%clk 0:57:25]} Kg8
{[%clk 0:27:32]} 50. Kg3 {[%clk 0:57:46]} Kf8 {[%clk 0:27:34]} 51. Kh3
{[%clk 0:57:51]} Ke8 {[%clk 0:27:49]} 52. Kg3 {[%clk 0:58:06]} Kd8
{[%clk 0:27:03]} 53. Ra6 {[%clk 0:57:47]} Ke7 {[%clk 0:26:37]} 54. Rxg6
{[%clk 0:57:40]} Rxc4 {[%clk 0:26:49]} 55. Ra6 {[%clk 0:58:05]} a4
{[%clk 0:27:15]} 56. h5 {[%clk 0:58:25]} Kf7 {[%clk 0:27:34]} 57. h6
{[%clk 0:58:38]} Kg8 {[%clk 0:27:57]} 58. Ra7 {[%clk 0:58:58]} Rc6
{[%clk 0:28:22]} 59. Rxa4 {[%clk 0:59:18]} Rxh6 {[%clk 0:28:48]} 1/2-1/2

[Event "Figueira 2023"]
[Site "?"]
[Date "2023.11.08"]
[Round "5.11"]
[White "Stella, Andrea"]
[Black "Kaczmarek, Aleksander"]
[Result "0-1"]
[BlackElo "2331"]
[WhiteElo "2431"]
[LiveChessVersion "1.4.8"]

1. d4 f5 2. Nf3 Nf6 3. Bg5 e6 4. Nbd2 d5 5. e3 Nbd7 6. c4 c6 7. Bd3 Bd6 8. cxd5
cxd5 9. Bf4 Bxf4 10. exf4 O-O 11. O-O Ne4 12. Rc1 Ndf6 13. Qc2 Qe8 14. Ne5 Bd7
15. Ndf3 Bb5 16. Qb3 Bxd3 17. Nxd3 Qe7 18. Rc2 Nd6 19. Rfc1 Rfc8 20. Qa3 Rxc2 21.
Rxc2 Nfe4 22. Nfe5 h6 23. f3 Nf6 24. Qb4 Kh7 25. Rc3 Rg8 26. Qa5 Nfe8 27. Rc2 a6
28. a4 g5 29. fxg5 hxg5 30. Nc5 f4 31. Qb6 Ng7 32. Nb3 Rc8 33. Rc3 Nc4 34. Nxc4
Rc6 35. Qa5 dxc4 36. Nd2 Nf5 37. Qe5 Qb4 38. Nf1 Qb6 39. Kh1 Qxd4 40. Qe1 Rd6 41.
Rc1 b5 42. axb5 axb5 43. Qb4 Rd5 44. Ra1 Kg6 45. Re1 Kf7 46. Ra1 Qf2 47. Qa3 Rd7
48. b3 c3 49. b4 Nh4 50. Qa2 c2 0-1

[Event "Figueira 2023"]
[Site "?"]
[Date "2023.11.08"]
[Round "5.12"]
[White "Del Rio De Angelis, Salvador G."]
[Black "Rajesh, V A V"]
[Result "1/2-1/2"]
[BlackElo "2310"]
[WhiteElo "2424"]
[LiveChessVersion "1.4.8"]

1. d4 {[%clk 1:30:45]} Nf6 {[%clk 1:23:48]} 2. Bg5 {[%clk 1:30:56]} Ne4
{[%clk 1:23:19]} 3. Bf4 {[%clk 1:31:10]} d5 {[%clk 1:23:24]} 4. e3
{[%clk 1:31:12]} e6 {[%clk 1:19:13]} 5. Nd2 {[%clk 1:31:18]} Bd6 {[%clk 1:11:53]}
6. Bxd6 {[%clk 1:26:54]} Qxd6 {[%clk 1:12:14]} 7. Ngf3 {[%clk 1:25:30]} Nxd2
{[%clk 1:02:53]} 8. Qxd2 {[%clk 1:25:52]} Nd7 {[%clk 1:03:17]} 9. c4
{[%clk 1:24:20]} c6 {[%clk 1:02:43]} 10. Rc1 {[%clk 1:20:42]} O-O
{[%clk 1:00:31]} 11. Be2 {[%clk 1:19:09]} dxc4 {[%clk 0:56:55]} 12. Rxc4
{[%clk 1:17:54]} Rd8 {[%clk 0:51:58]} 13. Qc2 {[%clk 1:13:44]} Nb6
{[%clk 0:46:23]} 14. Rc5 {[%clk 1:13:25]} Nd7 {[%clk 0:46:16]} 15. Rc3
{[%clk 1:06:29]} e5 {[%clk 0:39:58]} 16. O-O {[%clk 1:06:29]} exd4
{[%clk 0:39:50]} 17. Rd1 {[%clk 1:05:24]} Nf8 {[%clk 0:35:41]} 18. Nxd4
{[%clk 1:05:02]} Qe7 {[%clk 0:34:38]} 19. a3 {[%clk 0:58:39]} Bd7
{[%clk 0:27:47]} 20. b4 {[%clk 0:57:50]} a5 {[%clk 0:24:05]} 21. Rb1
{[%clk 0:56:49]} axb4 {[%clk 0:23:28]} 22. axb4 {[%clk 0:57:07]} Ne6
{[%clk 0:20:49]} 23. Nxe6 {[%clk 0:55:09]} Bxe6 {[%clk 0:21:10]} 24. b5
{[%clk 0:54:32]} Ra2 {[%clk 0:16:08]} 25. Rb2 {[%clk 0:54:51]} Ra1+
{[%clk 0:15:49]} 26. Rb1 {[%clk 0:55:11]} Ra2 {[%clk 0:16:14]} 27. Rb2
{[%clk 0:55:36]} Ra1+ {[%clk 0:16:37]} 28. Rb1 {[%clk 0:55:59]} Ra2 1/2-1/2

[Event "Figueira 2023"]
[Site "?"]
[Date "2023.11.08"]
[Round "5.13"]
[White "Sidhant, Mohapatra"]
[Black "Elissalt Cardenas, Hector"]
[Result "1-0"]
[BlackElo "2327"]
[WhiteElo "2418"]
[LiveChessVersion "1.4.8"]

1. e4 d6 2. d4 Nf6 3. Nc3 e5 4. Nge2 Nbd7 5. h3 h5 6. a4 a5 7. Be3 h4 8. Qd2 c6
9. Ng1 exd4 10. Qxd4 Nc5 11. Nf3 Be7 12. Bc4 O-O 13. Rd1 Ne8 14. Qd2 Be6 15. Be2
Qb6 16. O-O Qb4 17. Bg5 Nf6 18. Qe3 Rfe8 19. Bxh4 d5 20. Rd4 Qxb2 21. Rb1 Qa3 22.
Nxd5 Qxe3 23. Nxe7+ Rxe7 24. fxe3 Rd7 25. Bd3 Rxd4 26. exd4 Nxa4 27. Be1 b5 28.
Ne5 Bd7 29. d5 cxd5 30. Nxd7 Nxd7 31. Bxb5 Rb8 32. exd5 Ne5 33. Bxa5 Nc4 34. Bc7
Rb7 35. d6 Nxd6 36. Bxd6 Nc3 37. Rb3 Nxb5 38. Bg3 f6 39. Rb4 1-0

[Event "Figueira 2023"]
[Site "?"]
[Date "2023.11.08"]
[Round "5.14"]
[White "Povshednyi, Ivan"]
[Black "Petkov, Vladimir"]
[Result "0-1"]
[BlackElo "2408"]
[WhiteElo "2230"]
[LiveChessVersion "1.4.8"]

1. d4 Nf6 2. c4 e6 3. Nc3 Bb4 4. e3 O-O 5. Bd3 d5 6. a3 Bxc3+ 7. bxc3 c5 8. cxd5
exd5 9. Ne2 b6 10. O-O Ba6 11. f3 Re8 12. Bxa6 Nxa6 13. Qd3 Nc7 14. Ng3 Ne6 15.
Bb2 cxd4 16. cxd4 Qd7 17. Rae1 Rac8 18. e4 g6 19. Bc1 Qa4 20. e5 Nd7 21. Rd1 Qc2
22. f4 Qxd3 23. Rxd3 Rc4 24. Be3 Nb8 25. f5 Ng7 26. h4 Rec8 27. Bh6 Rc3 28. Rdf3
Rxf3 29. Rxf3 Rc6 30. Bg5 Rc4 31. e6 fxe6 32. f6 Nf5 33. Nxf5 gxf5 34. g4 Nc6 35.
gxf5 Nxd4 36. Re3 e5 37. Kh2 Kf7 38. Kh1 e4 0-1

[Event "Figueira 2023"]
[Site "?"]
[Date "2023.11.08"]
[Round "5.15"]
[White "Sieciechowicz, Marcin"]
[Black "Jacobsen, Mikkel Manosri"]
[Result "1/2-1/2"]
[BlackElo "2261"]
[WhiteElo "2407"]
[LiveChessVersion "1.4.8"]

1. d4 {[%clk 1:30:50]} d5 {[%clk 1:30:55]} 2. c4 {[%clk 1:31:13]} c6
{[%clk 1:31:20]} 3. Nf3 {[%clk 1:31:24]} Nf6 {[%clk 1:31:44]} 4. Nc3
{[%clk 1:31:45]} dxc4 {[%clk 1:32:03]} 5. a4 {[%clk 1:32:03]} Bf5
{[%clk 1:31:51]} 6. e3 {[%clk 1:31:45]} e6 {[%clk 1:28:09]} 7. Bxc4
{[%clk 1:32:09]} Nbd7 {[%clk 1:27:15]} 8. O-O {[%clk 1:31:34]} Be7
{[%clk 1:22:02]} 9. Qe2 {[%clk 1:31:28]} O-O {[%clk 1:17:18]} 10. h3
{[%clk 1:30:49]} Ne4 {[%clk 1:15:25]} 11. Nxe4 {[%clk 1:29:26]} Bxe4
{[%clk 1:15:48]} 12. Rd1 {[%clk 1:27:58]} a5 {[%clk 1:03:59]} 13. Bd2
{[%clk 1:22:53]} Nb6 {[%clk 0:51:27]} 14. Bb3 {[%clk 1:21:21]} Nd5
{[%clk 0:51:33]} 15. Ne5 {[%clk 1:18:40]} Nb4 {[%clk 0:51:40]} 16. Bc3
{[%clk 1:06:23]} Bd5 {[%clk 0:45:13]} 17. Bc2 {[%clk 1:04:06]} Nxc2
{[%clk 0:44:40]} 18. Qxc2 {[%clk 1:04:32]} f6 {[%clk 0:42:39]} 19. Nd3
{[%clk 1:01:45]} Qb6 {[%clk 0:42:42]} 20. Nc5 {[%clk 0:32:13]} Bxc5
{[%clk 0:24:33]} 21. dxc5 {[%clk 0:32:41]} Qxc5 {[%clk 0:24:01]} 22. e4
{[%clk 0:32:19]} Bc4 {[%clk 0:23:07]} 23. b4 {[%clk 0:31:29]} Qh5
{[%clk 0:19:50]} 24. bxa5 {[%clk 0:27:27]} Ba6 {[%clk 0:19:23]} 25. Rd6
{[%clk 0:24:46]} Rad8 {[%clk 0:17:28]} 26. Rad1 {[%clk 0:22:26]} Rxd6
{[%clk 0:13:43]} 27. Rxd6 {[%clk 0:22:54]} Qc5 {[%clk 0:13:37]} 28. Qd2
{[%clk 0:23:03]} Qc4 {[%clk 0:13:59]} 29. e5 {[%clk 0:20:03]} f5 {[%clk 0:09:56]}
30. Rd7 {[%clk 0:17:35]} h6 {[%clk 0:09:52]} 31. Rd4 {[%clk 0:13:11]} Qf1+
{[%clk 0:07:49]} 32. Kh2 {[%clk 0:13:39]} Bc4 {[%clk 0:08:04]} 33. Bb4
{[%clk 0:09:43]} Bd5 {[%clk 0:07:25]} 34. Rxd5 {[%clk 0:08:27]} cxd5
{[%clk 0:07:51]} 35. Bxf8 {[%clk 0:08:53]} Kxf8 {[%clk 0:08:11]} 36. Qb4+
{[%clk 0:08:55]} Kg8 {[%clk 0:08:40]} 37. Qxb7 {[%clk 0:08:17]} Qxf2
{[%clk 0:09:04]} 38. a6 {[%clk 0:06:12]} 1/2-1/2